Bridges and their builders (Record no. 547205)

000 -LEADER
fixed length control field 00416nam a22001457a 4500
082 ## - DEWEY DECIMAL CLASSIFICATION NUMBER
Classification number 624.2
Author Mark STE
-- L-19, P-04
100 ## - MAIN ENTRY--PERSONAL NAME
Personal name David Barnard Steinman, Sara Ruth Watson
9 (RLIN) 43382
245 ## - TITLE STATEMENT
Title Bridges and their builders
250 ## - EDITION STATEMENT
Edition statement revised
260 ## - PUBLICATION, DISTRIBUTION, ETC.
Place of publication, distribution, etc. New York
Name of publisher, distributor, etc. Dover publications inc.
Date of publication, distribution, etc. 1957
300 ## - PHYSICAL DESCRIPTION
Extent xvi, 401 p.
Other physical details ills.
526 ## - STUDY PROGRAM INFORMATION NOTE
Program name 0
Interest level 0
Reading level 0
Title point value 624_200000000000000_STE
650 ## - SUBJECT ADDED ENTRY--TOPICAL TERM
Topical term or geographic name entry element MCE
9 (RLIN) 379
942 ## - ADDED ENTRY ELEMENTS (KOHA)
Source of classification or shelving scheme
Koha item type Book
Holdings
Withdrawn status Lost status Source of classification or shelving scheme Damaged status Not for loan Permanent Location Current Location Date acquired Total Checkouts Full call number Barcode Date last seen Price effective from Koha item type
          Military College of Engineering (MCE) Military College of Engineering (MCE) 07/04/2014   624.2 STE MCE-3023 07/04/2014 07/04/2014 Book
© 2023 Central Library, National University of Sciences and Technology. All Rights Reserved.